Discographie de Michel Berger (1964-1992) - Statistiques

Statistiques générales
  • Ce quiz a été pris 30 fois
  • Le résultat moyen est 25 sur 129
Statistiques - réponses
Réponse % Correct
La Groupie du pianiste
86%
Le Paradis blanc
86%
Quelques mots d'amour
68%
Seras-tu là ?
68%
Diego libre dans sa tête
64%
Mademoiselle Chang
64%
Voyou
64%
Les Princes des villes
59%
Mon piano danse
55%
Que l'amour est bizarre
55%
Ça ne tient pas debout
50%
Celui qui chante
50%
La Minute de silence
50%
Chanter pour ceux qui sont loin de chez eux
41%
Laissez passer les rêves
36%
Pour me comprendre
36%
Chanson pour une fan
32%
La Bonne Musique
32%
Y’a pas de honte
32%
À moitié, à demi, pas du tout
27%
D'autres filles
27%
Lumière du jour
27%
Mon fils rira du rock'n'roll
27%
On n'est pas seul
27%
Attends-moi
23%
L'amour existe encore
23%
Maria Carmencita, sourde et muette
23%
Quand on est ensemble
23%
Suis ta musique où elle va
23%
Superficiel et léger
23%
Attendre
18%
Bats-toi
18%
C'est difficile d'être un homme aussi
18%
C'est pour quelqu'un
18%
Chanson pour Man Ray
18%
Déjà je suis loin
18%
Donne-moi du courage
18%
Écoute la musique (Quelle consolation fantastique)
18%
Jamais partir
18%
Je reviens de loin
18%
La Génération du Sergent Poivre
18%
L'amour est là
18%
Les Élans du coeur
18%
L’Orange bleue
18%
L’Un sans l’autre
18%
Mandoline
18%
Ni reine, ni princesse
18%
Peut être toi, peut être moi
18%
Plus de sentiments
18%
Si tu plonges
18%
Splendide hasard
18%
Tant d'amour perdu
18%
Antoine
14%
À quoi je rêve
14%
Ballade pour une Pauline triste
14%
Ce que la pop music a fait d'une petite fille
14%
C'est pas la peine de vivre
14%
Demain
14%
Fais comme t'aimes
14%
Je t'aime vachement fort
14%
Je trouverai autre chose
14%
La Camomille
14%
La Chanson de la négresse blonde
14%
La Fille des années 2000
14%
La Lettre
14%
L’Ange aux cheveux roses
14%
La Petite de Calmette
14%
Les Couloirs des Halles
14%
Les Tramways de Carouge
14%
Mon bébé blond
14%
Oublie-moi de sitôt
14%
Où es-tu ?
14%
Partout
14%
Personne n'écoute
14%
Quand on danse (À quoi tu penses)
14%
Rendez-vous sur la Cienega
14%
Si tu t'en vas
14%
Squatter
14%
Tarzan
14%
Toi sinon personne
14%
Tout est possible
14%
Y'a vraiment qu'l'amour qui vaille la peine
14%
Amour et soda
9%
À quoi il sert
9%
Attention, les copains
9%
Ça la fait pleurer pour un rien
9%
Danser sur la glace
9%
Enfantillages
9%
En t'attendant
9%
Et nulle part ailleurs
9%
Il vient de toi
9%
Incorrigible
9%
J'aime
9%
Je reviens seul
9%
JFK
9%
Jouer du banjo
9%
La Chanson d'adieu
9%
Laisse-toi vivre
9%
La Maison de campagne
9%
La Petite Prière
9%
Le Bonheur à tout prix
9%
L'Enfant triste
9%
Les enfants chantent toujours
9%
Les Mots simples
9%
L'Oiseau chanteur
9%
Médina
9%
Ose
9%
Pourtant
9%
Privé d’amour
9%
Quand elle était timide
9%
Qui m'attend
9%
Rêve du concerto
9%
Si tu écoutes mes doigts
9%
Suzanne
9%
Tijuana Night
9%
Tu n'y crois pas
9%
American Island
5%
Anything Can Happen Here
5%
Apple Pie
5%
Concerto pour piano 1er mouvement
5%
Concerto pour piano 2ème mouvement
5%
Concerto pour piano 3ème mouvement
5%
Concerto pour piano 3ème mouvement (suite et fin)
5%
Innocent Eyes
5%
Living Under the Gun
5%
Parade
5%
Rooftops
5%
Street Sonata
5%
Walking Through the Big Apple
5%
Aucun quiz correspondant
Distribution des résultats
% des personnes avec chaque résultat
Percentile par nombre de réponses
Votre historique - résultats
Vous n’avez pas pris ce quiz